000 00955nam a22002897a 4500
001 BR7375995
003 BR-BrBNA
005 20230928084451.0
007 ta
008 230509b bl.||||| |||| 00| 0 por d
040 _aBR-BrBNA
_bpor
_cBiblioteca Nacional de Agricultura
041 _a(Por)
072 _aE70
_b9000
_b/G514
090 _ 9000 BR7375995
110 1 _aCompanhia de Armazens e Silos do Estado de Minas Gerais, Belo Horizonte (Brasil)
_92335
245 1 _aProjeto da expansao da rede de armazens da Companhia de Armazens e Silos do estado de Minas Gerais [Brasil; Alimento; Abastecimento]
260 3 _aBelo Horizonte, MG (Brasil):
_c1959.
300 _av. 2
500 _a(*) Documento disponível no(a) Universidade Federal de Vicosa, MG (Brazil)
650 _aALIMENTO
650 _aMINAS GERAIS
650 _aABASTECIMENTO
650 _aARMAZEM
650 _aSILO
909 _a202309
_bLucia
_c55
_dLucia Elande
942 _cBK
999 _c19154
_d19154